000
00318nam a2200133Ia 4500
100
_a
Sedov/L.I ed
942
_c
BK
654
_a
Theories
245
_a
Microscopic Theories Matter &Fields And Thermodynmic Approch
260
_b
Mir Publishers
_a
Moscow
_c
1983
082
_a
621.4
300
_a
263
546
_a
ENGLISH
999
_c
33744
_d
33744